000 01210nam a22002657a 4500
003 OSt
005 20250323204305.0
008 250307b ||||| |||| 00| 0 eng d
040 _bEnglish.
_cCvSU-CCAT Campus Library.
_erda.
050 _aUM HF 5381
_bC38 2010
100 _aCatuiran, Mary Ann S., author.
_914788
245 _aEmployability of Associate in Computer Technology Graduates of Cavite State University Rosario Campus S.Y. 2003-2004 to 2007-2008
_cMary Ann S. Catuiran and Maria Theresa P. Santos
260 _aRosario, Cavite :
_bCavite State University-CCAT Campus,
_c2010
300 _axii, 37 leaves :
_billustrations ;
_c28 cm
500 _aUndergraduate Thesis (BSIE Major in Girls Trades) -- Cavite State University-CCAT Campus, 2010.
504 _aIncludes bibliographical references and appendices.
546 _aIn English text
650 _aGraduate -- Employment.
_915370
650 _aAssociate in Computer Technology (ACT).
_915374
650 _aEmployability.
_99503
700 _aSantos, Maria Theresa P., author.
_914789
700 _aNepomuceno, Lucena C., adviser.
_913188
942 _2lcc
_cT/M/D
_kUM
_hHF 5381 C38 2010
999 _c3930
_d3930